[Event "MCR druzstev mladsich zaku 2015"]
[Site "Hradec Kralove"]
[Date "2015.06.13"]
[Round "5.17"]
[White "Prochazka (ERA), Vojtech"]
[Black "Faja (Loko Brno), Vilem"]
[Result "0-1"]
[BlackElo "1475"]
[WhiteElo "1364"]
[LiveChessVersion "1.4.4"]

1. e4 {[%clk 0:25:19]} c5 {[%clk 0:25:19]} 2. Nf3 {[%clk 0:25:23]} d6
{[%clk 0:25:27]} 3. d4 {[%clk 0:25:14]} cxd4 {[%clk 0:25:36]} 4. Nxd4
{[%clk 0:25:21]} Nf6 {[%clk 0:25:44]} 5. Nc3 {[%clk 0:25:23]} a6 {[%clk 0:25:52]}
6. Bc4 {[%clk 0:24:50]} e6 {[%clk 0:26:00]} 7. Bb3 {[%clk 0:22:55]} Be7
{[%clk 0:25:57]} 8. Be3 {[%clk 0:21:46]} b5 {[%clk 0:25:56]} 9. O-O
{[%clk 0:20:55]} Bb7 {[%clk 0:26:02]} 10. Qd3 {[%clk 0:20:24]} Nbd7
{[%clk 0:26:07]} 11. Rfe1 {[%clk 0:19:46]} Nc5 {[%clk 0:26:15]} 12. Qe2
{[%clk 0:18:57]} Ncxe4 {[%clk 0:26:21]} 13. Nxe4 {[%clk 0:18:27]} Nxe4
{[%clk 0:26:07]} 14. Qg4 {[%clk 0:17:20]} Nf6 {[%clk 0:25:26]} 15. Qg3
{[%clk 0:16:17]} g6 {[%clk 0:24:18]} 16. Rad1 {[%clk 0:15:27]} Bd5
{[%clk 0:23:05]} 17. c3 {[%clk 0:13:35]} Bxb3 {[%clk 0:22:51]} 18. Nxb3
{[%clk 0:13:41]} Nh5 {[%clk 0:21:49]} 19. Qf3 {[%clk 0:13:09]} d5
{[%clk 0:20:24]} 20. Bd4 {[%clk 0:12:34]} Bf6 {[%clk 0:20:05]} 21. Nc5
{[%clk 0:11:49]} Bxd4 {[%clk 0:19:57]} 22. Rxd4 {[%clk 0:11:38]} O-O
{[%clk 0:18:49]} 23. Qe3 {[%clk 0:09:59]} Qd6 {[%clk 0:15:43]} 24. b4
{[%clk 0:09:31]} Nf6 {[%clk 0:15:41]} 25. Qe5 {[%clk 0:09:11]} Qxe5
{[%clk 0:15:39]} 26. Rxe5 {[%clk 0:09:11]} a5 {[%clk 0:15:14]} 27. Re2
{[%clk 0:08:39]} axb4 {[%clk 0:15:22]} 28. cxb4 {[%clk 0:08:44]} Rfc8
{[%clk 0:15:04]} 29. f3 {[%clk 0:08:14]} Rc7 {[%clk 0:14:13]} 30. Kf2
{[%clk 0:07:40]} Rac8 {[%clk 0:14:02]} 31. Rb2 {[%clk 0:05:39]} Nd7
{[%clk 0:14:00]} 32. Nxd7 {[%clk 0:04:25]} Rxd7 {[%clk 0:14:09]} 33. Rb3
{[%clk 0:04:27]} Rc2+ {[%clk 0:14:13]} 34. Kg3 {[%clk 0:04:29]} Rxa2
{[%clk 0:14:21]} 35. Rc3 {[%clk 0:04:16]} e5 {[%clk 0:13:55]} 36. Rdd3
{[%clk 0:03:54]} Rb2 {[%clk 0:13:35]} 37. Rb3 {[%clk 0:03:47]} Rxb3
{[%clk 0:13:41]} 38. Rxb3 {[%clk 0:03:56]} d4 {[%clk 0:13:50]} 39. Rd3
{[%clk 0:04:00]} Rc7 {[%clk 0:13:56]} 40. f4 {[%clk 0:03:49]} Rc3
{[%clk 0:13:50]} 41. Rf3 {[%clk 0:03:40]} e4 {[%clk 0:13:48]} 42. Rxc3
{[%clk 0:03:43]} dxc3 {[%clk 0:13:57]} 0-1

[Event "MCR druzstev mladsich zaku 2015"]
[Site "Hradec Kralove"]
[Date "2015.06.13"]
[Round "6.1"]
[White "Mica (BSS F-M \"A\"), Marek"]
[Black "Svanda (Policka), Ondrej"]
[Result "1/2-1/2"]
[BlackElo "1863"]
[WhiteElo "1663"]
[LiveChessVersion "1.4.4"]

1. d4 {[%clk 0:25:15]} c6 {[%clk 0:25:19]} 2. c4 {[%clk 0:25:18]} g6
{[%clk 0:24:52]} 3. Nc3 {[%clk 0:25:16]} Bg7 {[%clk 0:25:00]} 4. Nf3
{[%clk 0:25:15]} d5 {[%clk 0:24:54]} 5. Bf4 {[%clk 0:25:03]} Nf6 {[%clk 0:24:15]}
6. e3 {[%clk 0:25:03]} O-O {[%clk 0:24:09]} 7. Bd3 {[%clk 0:24:50]} Nbd7
{[%clk 0:23:11]} 8. O-O {[%clk 0:24:46]} Nb6 {[%clk 0:22:34]} 9. b3
{[%clk 0:24:28]} h6 {[%clk 0:22:33]} 10. Rc1 {[%clk 0:23:29]} Be6
{[%clk 0:21:38]} 11. cxd5 {[%clk 0:23:17]} Nbxd5 {[%clk 0:21:14]} 12. Nxd5
{[%clk 0:23:07]} Nxd5 {[%clk 0:20:53]} 13. Be5 {[%clk 0:23:00]} Nb4
{[%clk 0:19:59]} 14. Bxg7 {[%clk 0:22:37]} Kxg7 {[%clk 0:19:46]} 15. Qd2
{[%clk 0:22:32]} Nxd3 {[%clk 0:19:48]} 16. Qxd3 {[%clk 0:22:37]} Qa5
{[%clk 0:18:51]} 17. Rc2 {[%clk 0:22:28]} Rad8 {[%clk 0:17:23]} 18. Rfc1
{[%clk 0:21:47]} Bg4 {[%clk 0:15:10]} 19. Qe2 {[%clk 0:21:23]} Qd5
{[%clk 0:14:22]} 20. Rc5 {[%clk 0:21:01]} Bxf3 {[%clk 0:14:03]} 21. Qxf3
{[%clk 0:20:46]} Qxf3 {[%clk 0:14:00]} 22. gxf3 {[%clk 0:20:53]} Rd6
{[%clk 0:13:55]} 23. b4 {[%clk 0:20:37]} Rfd8 {[%clk 0:13:23]} 24. b5
{[%clk 0:20:02]} cxb5 {[%clk 0:13:15]} 25. Rxb5 {[%clk 0:20:09]} R8d7
{[%clk 0:13:07]} 26. Rcb1 {[%clk 0:20:12]} b6 {[%clk 0:13:15]} 27. a4
{[%clk 0:19:58]} Rd5 {[%clk 0:11:31]} 28. Kf1 {[%clk 0:19:13]} Kf6
{[%clk 0:10:53]} 29. f4 {[%clk 0:18:45]} Ke6 {[%clk 0:09:44]} 30. Ke2
{[%clk 0:18:43]} Rc7 {[%clk 0:09:10]} 31. Kd3 {[%clk 0:18:44]} g5
{[%clk 0:07:39]} 32. Rxd5 {[%clk 0:18:34]} Kxd5 {[%clk 0:07:46]} 33. Rb5+
{[%clk 0:18:34]} Ke6 {[%clk 0:07:40]} 34. fxg5 {[%clk 0:18:41]} hxg5
{[%clk 0:07:49]} 35. Rxg5 {[%clk 0:18:40]} a6 {[%clk 0:07:23]} 36. Re5+
{[%clk 0:18:14]} Kd6 {[%clk 0:07:24]} 37. h4 {[%clk 0:17:42]} Rc1
{[%clk 0:06:58]} 38. Rh5 {[%clk 0:16:59]} Ra1 {[%clk 0:06:15]} 39. Rh6+
{[%clk 0:16:53]} f6 {[%clk 0:06:00]} 40. Rh8 {[%clk 0:16:37]} Rxa4
{[%clk 0:05:19]} 41. h5 {[%clk 0:16:31]} Ke6 {[%clk 0:05:08]} 42. h6
{[%clk 0:16:23]} Kf7 {[%clk 0:03:55]} 43. h7 {[%clk 0:16:26]} Kg7
{[%clk 0:04:03]} 44. Rb8 {[%clk 0:16:33]} Kxh7 {[%clk 0:04:10]} 45. Rxb6
{[%clk 0:16:40]} Kg7 {[%clk 0:04:12]} 46. f4 {[%clk 0:16:15]} f5 {[%clk 0:03:26]}
47. d5 {[%clk 0:15:33]} Ra3+ {[%clk 0:03:02]} 48. Kd4 {[%clk 0:15:41]} a5
{[%clk 0:02:26]} 49. Ra6 {[%clk 0:15:34]} Kf7 {[%clk 0:02:12]} 50. Ke5
{[%clk 0:15:05]} Rxe3+ {[%clk 0:02:03]} 51. Kxf5 {[%clk 0:15:12]} Ra3
{[%clk 0:02:04]} 52. Ra7 {[%clk 0:14:59]} Ke8 {[%clk 0:01:21]} 53. Ke6
{[%clk 0:14:55]} Re3+ {[%clk 0:01:29]} 54. Kf5 {[%clk 0:15:04]} Ra3
{[%clk 0:01:36]} 55. Ke4 {[%clk 0:14:54]} a4 {[%clk 0:01:27]} 56. Ra8+
{[%clk 0:14:06]} Kd7 {[%clk 0:01:31]} 57. Ra7+ {[%clk 0:14:14]} Kd6
{[%clk 0:01:37]} 58. Ra6+ {[%clk 0:14:19]} Kd7 {[%clk 0:01:37]} 59. Ra7+
{[%clk 0:14:27]} Ke8 {[%clk 0:01:42]} 60. Ra8+ {[%clk 0:14:35]} Kf7
{[%clk 0:01:44]} 61. Ra7 {[%clk 0:14:24]} Kf6 {[%clk 0:01:35]} 62. Ra6+
{[%clk 0:14:28]} Kf7 {[%clk 0:01:27]} 63. d6 {[%clk 0:14:11]} exd6
{[%clk 0:01:31]} 64. Rxd6 {[%clk 0:14:19]} Ra1 {[%clk 0:01:36]} 65. Ra6
{[%clk 0:14:22]} a3 {[%clk 0:01:41]} 66. Kf5 {[%clk 0:14:30]} a2 {[%clk 0:01:15]}
67. Ra7+ {[%clk 0:14:39]} Ke8 {[%clk 0:01:19]} 68. Kf6 {[%clk 0:14:36]} Rf1
{[%clk 0:00:52]} 69. Rxa2 {[%clk 0:14:43]} Rxf4+ {[%clk 0:01:00]} 70. Ke6
{[%clk 0:14:52]} Re4+ {[%clk 0:01:04]} 71. Kd5 {[%clk 0:15:00]} Re1
{[%clk 0:01:08]} 72. Ra8+ {[%clk 0:15:03]} Kf7 {[%clk 0:01:14]} 73. Ra2
{[%clk 0:15:06]} Rd1+ {[%clk 0:01:22]} 74. Ke5 {[%clk 0:15:12]} 1/2-1/2

[Event "MCR druzstev mladsich zaku 2015"]
[Site "Hradec Kralove"]
[Date "2015.06.13"]
[Round "6.2"]
[White "Pavlicek (Policka), Lukas"]
[Black "Stalmach (BSS F-M \"A\"), Richard"]
[Result "0-1"]
[BlackElo "1659"]
[WhiteElo "1563"]
[LiveChessVersion "1.4.4"]

1. d4 {[%clk 0:25:17]} c5 {[%clk 0:25:16]} 2. d5 {[%clk 0:25:22]} e5
{[%clk 0:25:24]} 3. e4 {[%clk 0:25:26]} d6 {[%clk 0:25:31]} 4. Nc3
{[%clk 0:25:31]} g6 {[%clk 0:25:35]} 5. f4 {[%clk 0:25:34]} Bg7 {[%clk 0:25:10]}
6. Nf3 {[%clk 0:24:45]} Ne7 {[%clk 0:23:55]} 7. Bb5+ {[%clk 0:23:15]} Bd7
{[%clk 0:24:05]} 8. Bxd7+ {[%clk 0:22:40]} Nxd7 {[%clk 0:23:44]} 9. O-O
{[%clk 0:21:04]} O-O {[%clk 0:23:33]} 10. fxe5 {[%clk 0:20:13]} Nxe5
{[%clk 0:23:26]} 11. Nxe5 {[%clk 0:20:02]} Bxe5 {[%clk 0:23:29]} 12. Bf4
{[%clk 0:18:30]} Bd4+ {[%clk 0:22:56]} 13. Kh1 {[%clk 0:18:17]} f5
{[%clk 0:22:46]} 14. Bg5 {[%clk 0:13:18]} Qd7 {[%clk 0:21:27]} 15. Bxe7
{[%clk 0:12:42]} Qxe7 {[%clk 0:21:29]} 16. exf5 {[%clk 0:12:41]} Qh4
{[%clk 0:19:18]} 17. Qd3 {[%clk 0:09:50]} g5 {[%clk 0:18:32]} 18. Qh3
{[%clk 0:08:43]} Rae8 {[%clk 0:17:51]} 19. Qxh4 {[%clk 0:07:20]} gxh4
{[%clk 0:17:53]} 20. Rad1 {[%clk 0:04:39]} Kf7 {[%clk 0:16:21]} 21. Nb5
{[%clk 0:04:23]} Be5 {[%clk 0:16:16]} 22. Nc7 {[%clk 0:03:40]} Re7
{[%clk 0:15:58]} 23. Ne6 {[%clk 0:03:30]} Rg8 {[%clk 0:15:58]} 24. b3
{[%clk 0:02:57]} Ree8 {[%clk 0:15:23]} 25. c4 {[%clk 0:01:04]} Rg4
{[%clk 0:15:07]} 26. h3 {[%clk 0:00:41]} Rg3 {[%clk 0:13:21]} 27. Rf3
{[%clk 0:00:37]} Rxf3 {[%clk 0:13:20]} 28. gxf3 {[%clk 0:00:46]} Rg8
{[%clk 0:11:49]} 29. Rg1 {[%clk 0:00:46]} Rg3 {[%clk 0:11:26]} 30. Rxg3
{[%clk 0:00:52]} hxg3 {[%clk 0:11:28]} 31. Kg2 {[%clk 0:00:55]} Kf6
{[%clk 0:10:22]} 32. f4 {[%clk 0:00:57]} Bd4 {[%clk 0:09:40]} 33. Kxg3
{[%clk 0:00:46]} Kxf5 {[%clk 0:09:42]} 34. Kf3 {[%clk 0:00:21]} a6
{[%clk 0:09:22]} 35. Ng7+ {[%clk 0:00:17]} Bxg7 {[%clk 0:09:22]} 36. a3
{[%clk 0:00:18]} b5 {[%clk 0:09:21]} 37. cxb5 {[%clk 0:00:15]} axb5
{[%clk 0:09:25]} 38. a4 {[%clk 0:00:24]} bxa4 {[%clk 0:09:09]} 39. bxa4
{[%clk 0:00:32]} Bc3 {[%clk 0:08:46]} 40. h4 {[%clk 0:00:16]} h5 {[%clk 0:08:54]}
41. Ke3 {[%clk 0:00:15]} Ba5 {[%clk 0:08:48]} 42. Kf3 {[%clk 0:00:21]} c4
{[%clk 0:08:56]} 43. Ke3 {[%clk 0:00:29]} c3 {[%clk 0:09:05]} 0-1

[Event "MCR druzstev mladsich zaku 2015"]
[Site "Hradec Kralove"]
[Date "2015.06.13"]
[Round "6.3"]
[White "Gnojek (BSS F-M \"A\"), Petr"]
[Black "Zeman (Policka), Daniel"]
[Result "1-0"]
[BlackElo "1574"]
[WhiteElo "1605"]
[LiveChessVersion "1.4.4"]

1. d4 {[%clk 0:25:19]} Nf6 {[%clk 0:25:19]} 2. c4 {[%clk 0:25:23]} d6
{[%clk 0:25:24]} 3. Nf3 {[%clk 0:25:28]} g6 {[%clk 0:25:29]} 4. Nc3
{[%clk 0:25:31]} Bg7 {[%clk 0:25:34]} 5. g3 {[%clk 0:25:39]} O-O {[%clk 0:25:38]}
6. Bg2 {[%clk 0:25:45]} Nbd7 {[%clk 0:25:03]} 7. O-O {[%clk 0:25:42]} c5
{[%clk 0:24:12]} 8. e3 {[%clk 0:25:23]} Rb8 {[%clk 0:23:30]} 9. b3
{[%clk 0:25:24]} a6 {[%clk 0:23:11]} 10. Qe2 {[%clk 0:24:57]} b6 {[%clk 0:21:51]}
11. Bb2 {[%clk 0:24:33]} Bb7 {[%clk 0:20:29]} 12. Rfd1 {[%clk 0:23:56]} Qc7
{[%clk 0:19:18]} 13. Rac1 {[%clk 0:23:01]} Ne8 {[%clk 0:16:55]} 14. d5
{[%clk 0:21:07]} f5 {[%clk 0:16:30]} 15. Ng5 {[%clk 0:20:48]} Qc8
{[%clk 0:15:25]} 16. e4 {[%clk 0:20:16]} Nc7 {[%clk 0:12:05]} 17. exf5
{[%clk 0:19:55]} Rxf5 {[%clk 0:10:46]} 18. f4 {[%clk 0:19:51]} Qe8
{[%clk 0:07:31]} 19. Bh3 {[%clk 0:16:00]} Rf8 {[%clk 0:06:53]} 20. Ne6
{[%clk 0:15:49]} Nxe6 {[%clk 0:04:59]} 21. Qxe6+ {[%clk 0:15:52]} Kh8
{[%clk 0:05:00]} 22. Qxd7 {[%clk 0:15:56]} Qxd7 {[%clk 0:05:01]} 23. Bxd7
{[%clk 0:16:02]} Rbd8 {[%clk 0:04:45]} 24. Be6 {[%clk 0:16:03]} b5
{[%clk 0:04:42]} 25. Ba1 {[%clk 0:15:35]} b4 {[%clk 0:04:31]} 26. Ne4
{[%clk 0:15:33]} Bc8 {[%clk 0:04:34]} 27. Ng5 {[%clk 0:15:31]} Bxa1
{[%clk 0:04:12]} 28. Rxa1 {[%clk 0:15:31]} Kg7 {[%clk 0:04:21]} 29. Bxc8
{[%clk 0:15:39]} Rxc8 {[%clk 0:04:27]} 30. Ne6+ {[%clk 0:15:48]} Kf7
{[%clk 0:04:36]} 31. Nxf8 Rxf8 32. Re1 {[%clk 0:16:03]} 1-0

[Event "MCR druzstev mladsich zaku 2015"]
[Site "Hradec Kralove"]
[Date "2015.06.13"]
[Round "6.4"]
[White "Svanda (Policka), Adam"]
[Black "Krejcok (BSS F-M \"A\"), Tobias"]
[Result "0-1"]
[BlackElo "1605"]
[WhiteElo "1595"]
[LiveChessVersion "1.4.4"]

1. b4 {[%clk 0:25:17]} e5 {[%clk 0:25:10]} 2. Bb2 {[%clk 0:25:23]} d6
{[%clk 0:25:02]} 3. a3 {[%clk 0:25:27]} Be6 {[%clk 0:24:48]} 4. g3
{[%clk 0:25:28]} Bd5 {[%clk 0:24:40]} 5. Nf3 {[%clk 0:24:49]} e4 {[%clk 0:24:16]}
6. Nh4 {[%clk 0:24:40]} Nf6 {[%clk 0:23:50]} 7. Bg2 {[%clk 0:24:29]} Be7
{[%clk 0:23:17]} 8. Nf5 {[%clk 0:24:31]} O-O {[%clk 0:23:06]} 9. O-O
{[%clk 0:24:05]} Nbd7 {[%clk 0:22:46]} 10. Nc3 {[%clk 0:22:02]} Be6
{[%clk 0:20:53]} 11. Nd4 {[%clk 0:21:54]} d5 {[%clk 0:20:10]} 12. d3
{[%clk 0:21:26]} exd3 {[%clk 0:18:49]} 13. cxd3 {[%clk 0:21:07]} c6
{[%clk 0:18:22]} 14. Rc1 {[%clk 0:18:21]} Rc8 {[%clk 0:16:37]} 15. Qd2
{[%clk 0:16:23]} Qb6 {[%clk 0:14:45]} 16. Nxe6 {[%clk 0:15:50]} fxe6
{[%clk 0:14:45]} 17. d4 {[%clk 0:15:04]} Bd6 {[%clk 0:13:52]} 18. e4
{[%clk 0:13:51]} dxe4 {[%clk 0:13:43]} 19. Nxe4 {[%clk 0:13:55]} Nxe4
{[%clk 0:13:34]} 20. Bxe4 {[%clk 0:14:01]} Nf6 {[%clk 0:13:18]} 21. Bg2
{[%clk 0:14:01]} Qb5 {[%clk 0:11:51]} 22. Rfe1 {[%clk 0:13:50]} Rce8
{[%clk 0:10:46]} 23. Re2 {[%clk 0:13:11]} Qf5 {[%clk 0:09:06]} 24. Rce1
{[%clk 0:11:46]} Nd5 {[%clk 0:08:10]} 25. Bxd5 {[%clk 0:08:00]} Qxd5
{[%clk 0:07:39]} 26. Qc3 {[%clk 0:06:59]} Rf3 {[%clk 0:06:53]} 27. Re3
{[%clk 0:06:43]} Ref8 {[%clk 0:06:44]} 28. Rxf3 {[%clk 0:06:50]} Rxf3
{[%clk 0:06:52]} 29. Re3 {[%clk 0:06:54]} Rf6 {[%clk 0:06:29]} 30. Qb3
{[%clk 0:05:42]} Qf5 {[%clk 0:05:33]} 31. f4 {[%clk 0:05:11]} Rg6
{[%clk 0:04:37]} 32. Kf2 {[%clk 0:04:18]} Qh3 {[%clk 0:04:20]} 33. Kg1
{[%clk 0:03:21]} Rh6 {[%clk 0:03:54]} 34. Re2 {[%clk 0:02:04]} Bxf4
{[%clk 0:02:36]} 35. Qf3 {[%clk 0:01:34]} Rf6 {[%clk 0:02:16]} 36. Qg2
{[%clk 0:00:32]} Qxg2+ {[%clk 0:02:16]} 37. Kxg2 {[%clk 0:00:36]} Rg6
{[%clk 0:02:09]} 38. Kf3 {[%clk 0:00:37]} Bd6 {[%clk 0:02:12]} 39. Kg2
{[%clk 0:00:26]} Kf7 {[%clk 0:01:59]} 40. Rf2+ {[%clk 0:00:32]} Rf6
{[%clk 0:02:07]} 41. Rxf6+ {[%clk 0:00:12]} Kxf6 {[%clk 0:02:11]} 42. d5+
{[%clk 0:00:21]} Be5 {[%clk 0:02:14]} 43. Bxe5+ {[%clk 0:00:23]} Kxe5
{[%clk 0:02:22]} 44. dxc6 {[%clk 0:00:31]} bxc6 {[%clk 0:02:27]} 45. Kf3
{[%clk 0:00:41]} Kd4 {[%clk 0:02:31]} 46. Kf4 {[%clk 0:00:42]} e5+
{[%clk 0:02:40]} 47. Kf3 {[%clk 0:00:48]} Kd3 {[%clk 0:02:45]} 48. Kf2
{[%clk 0:00:53]} e4 {[%clk 0:02:42]} 49. Ke1 {[%clk 0:01:02]} Ke3
{[%clk 0:02:46]} 50. a4 {[%clk 0:01:07]} a6 {[%clk 0:02:54]} 51. h3
{[%clk 0:01:08]} g5 {[%clk 0:03:00]} 52. h4 {[%clk 0:01:10]} g4 {[%clk 0:03:07]}
53. h5 {[%clk 0:01:19]} h6 {[%clk 0:03:17]} 54. a5 {[%clk 0:01:28]} Kf3
{[%clk 0:03:15]} 55. Kd2 {[%clk 0:01:12]} Kf2 {[%clk 0:03:21]} 56. Kc3
{[%clk 0:01:07]} e3 {[%clk 0:03:27]} 57. Kc4 {[%clk 0:01:09]} e2 {[%clk 0:03:35]}
58. Kc5 {[%clk 0:01:18]} e1=Q {[%clk 0:03:43]} 59. Kb6 {[%clk 0:01:24]} Qe2
{[%clk 0:03:45]} 60. Kxc6 {[%clk 0:01:30]} Qb5+ {[%clk 0:03:53]} 0-1

[Event "MCR druzstev mladsich zaku 2015"]
[Site "Hradec Kralove"]
[Date "2015.06.13"]
[Round "6.5"]
[White "Nytra (BSS F-M \"A\"), Ondrej"]
[Black "Malkova (Policka), Barbora"]
[Result "1-0"]
[BlackElo "1350"]
[WhiteElo "1707"]
[LiveChessVersion "1.4.4"]

1. e4 {[%clk 0:25:18]} c5 {[%clk 0:25:18]} 2. Nf3 {[%clk 0:25:25]} Nc6
{[%clk 0:25:26]} 3. d4 {[%clk 0:25:33]} e6 {[%clk 0:25:33]} 4. Nc3
{[%clk 0:25:32]} d5 {[%clk 0:25:38]} 5. exd5 {[%clk 0:25:20]} exd5
{[%clk 0:25:43]} 6. dxc5 {[%clk 0:25:27]} Bxc5 {[%clk 0:25:47]} 7. Nxd5
{[%clk 0:25:02]} Nge7 {[%clk 0:24:58]} 8. Bc4 {[%clk 0:24:49]} O-O
{[%clk 0:24:53]} 9. O-O {[%clk 0:24:44]} a6 {[%clk 0:24:50]} 10. Bg5
{[%clk 0:24:19]} b5 {[%clk 0:24:39]} 11. Bb3 {[%clk 0:24:25]} a5 {[%clk 0:24:23]}
12. a4 {[%clk 0:24:10]} b4 {[%clk 0:24:28]} 13. Re1 {[%clk 0:24:04]} Re8
{[%clk 0:23:46]} 14. Nxe7+ {[%clk 0:24:05]} Nxe7 {[%clk 0:23:00]} 15. Qxd8
{[%clk 0:24:06]} Rxd8 {[%clk 0:23:06]} 16. Bxe7 {[%clk 0:24:13]} Bxe7
{[%clk 0:22:44]} 17. Rxe7 {[%clk 0:24:19]} g6 {[%clk 0:22:40]} 18. Rae1
{[%clk 0:23:41]} Bg4 {[%clk 0:21:26]} 19. Rxf7 {[%clk 0:23:31]} Kh8
{[%clk 0:21:03]} 20. Ree7 {[%clk 0:23:03]} Kg8 {[%clk 0:18:24]} 21. Rxh7+
{[%clk 0:23:11]} Kf8 {[%clk 0:18:29]} 22. Ref7+ {[%clk 0:23:20]} Kg8
{[%clk 0:16:21]} 23. Rfg7+ {[%clk 0:23:26]} Kf8 {[%clk 0:16:18]} 24. Rg8# 1-0

[Event "MCR druzstev mladsich zaku 2015"]
[Site "Hradec Kralove"]
[Date "2015.06.13"]
[Round "6.6"]
[White "Duriancik (Policka), Michal"]
[Black "Laurincova (BSS F-M \"A\"), Kristyna"]
[Result "0-1"]
[BlackElo "1657"]
[WhiteElo "1282"]
[LiveChessVersion "1.4.4"]

1. e4 {[%clk 0:25:18]} c5 {[%clk 0:25:19]} 2. Nf3 {[%clk 0:25:26]} d6
{[%clk 0:25:28]} 3. d4 {[%clk 0:25:34]} cxd4 {[%clk 0:25:36]} 4. Nxd4
{[%clk 0:25:42]} Nf6 {[%clk 0:25:44]} 5. Nc3 {[%clk 0:25:49]} g6 {[%clk 0:25:48]}
6. Be3 {[%clk 0:25:02]} Bg7 {[%clk 0:25:56]} 7. f3 {[%clk 0:25:07]} O-O
{[%clk 0:26:00]} 8. Qd2 {[%clk 0:24:14]} Nc6 {[%clk 0:26:08]} 9. O-O-O
{[%clk 0:23:47]} d5 {[%clk 0:26:14]} 10. Nb3 {[%clk 0:22:56]} dxe4
{[%clk 0:25:26]} 11. Qxd8 {[%clk 0:23:02]} Rxd8 {[%clk 0:25:01]} 12. Rxd8+
{[%clk 0:23:09]} Nxd8 {[%clk 0:25:09]} 13. Nxe4 {[%clk 0:22:42]} Bf5
{[%clk 0:24:12]} 14. Nxf6+ {[%clk 0:21:57]} Bxf6 {[%clk 0:24:19]} 15. Be2
{[%clk 0:20:23]} Rc8 {[%clk 0:23:12]} 16. c3 {[%clk 0:19:03]} Nc6
{[%clk 0:22:22]} 17. a3 {[%clk 0:17:10]} b6 {[%clk 0:21:17]} 18. g4
{[%clk 0:13:38]} Be6 {[%clk 0:20:58]} 19. Nd2 {[%clk 0:12:47]} Na5
{[%clk 0:19:40]} 20. Kc2 {[%clk 0:12:03]} Bg7 {[%clk 0:18:55]} 21. Bd3
{[%clk 0:10:08]} Bd5 {[%clk 0:16:29]} 22. h4 {[%clk 0:08:48]} Rc6 23. h5
{[%clk 0:06:33]} Re6 {[%clk 0:10:51]} 24. Bf2 {[%clk 0:03:57]} Rd6
{[%clk 0:09:11]} 25. Ne4 {[%clk 0:01:51]} Bb3+ {[%clk 0:08:59]} 26. Kd2
{[%clk 0:00:34]} Rd7 {[%clk 0:08:05]} 27. Ke2 {[%clk 0:00:00]} 0-1

[Event "MCR druzstev mladsich zaku 2015"]
[Site "Hradec Kralove"]
[Date "2015.06.13"]
[Round "6.7"]
[White "Koci (Loko Brno), Tomas"]
[Black "Nemec (Kurim), David"]
[Result "0-1"]
[BlackElo "1556"]
[WhiteElo "1340"]
[LiveChessVersion "1.4.4"]

1. d4 {[%clk 0:25:17]} d5 {[%clk 0:25:14]} 2. Nf3 {[%clk 0:25:25]} Nf6
{[%clk 0:25:22]} 3. e3 {[%clk 0:25:33]} Bf5 {[%clk 0:25:25]} 4. Bd3
{[%clk 0:25:30]} Bxd3 {[%clk 0:25:33]} 5. cxd3 {[%clk 0:24:26]} Nbd7
{[%clk 0:25:15]} 6. Nc3 {[%clk 0:24:14]} e6 {[%clk 0:25:10]} 7. O-O
{[%clk 0:23:40]} Be7 {[%clk 0:25:07]} 8. Re1 {[%clk 0:22:49]} O-O
{[%clk 0:24:59]} 9. e4 {[%clk 0:22:56]} dxe4 {[%clk 0:24:29]} 10. dxe4
{[%clk 0:23:01]} c5 {[%clk 0:24:29]} 11. Bg5 {[%clk 0:20:39]} cxd4
{[%clk 0:21:50]} 12. Qxd4 {[%clk 0:20:32]} Nb6 {[%clk 0:20:56]} 13. Rad1
{[%clk 0:19:46]} Qc7 {[%clk 0:19:12]} 14. Qd2 {[%clk 0:16:59]} Rfd8
{[%clk 0:17:38]} 15. Qe2 {[%clk 0:16:52]} a6 16. a3 {[%clk 0:12:04]} Rac8
{[%clk 0:15:45]} 17. Rxd8+ {[%clk 0:10:07]} Rxd8 {[%clk 0:15:02]} 18. Rd1
{[%clk 0:09:54]} h6 {[%clk 0:14:44]} 19. Be3 {[%clk 0:09:07]} Rxd1+
{[%clk 0:13:07]} 20. Qxd1 {[%clk 0:09:05]} Nc4 {[%clk 0:12:59]} 21. Qe2
{[%clk 0:06:57]} Ng4 {[%clk 0:08:33]} 22. Nd1 {[%clk 0:02:08]} Bf6
{[%clk 0:06:47]} 23. Bd4 {[%clk 0:00:47]} Bxd4 {[%clk 0:06:54]} 24. Nxd4
{[%clk 0:00:46]} Qxh2+ {[%clk 0:07:02]} 0-1

[Event "MCR druzstev mladsich zaku 2015"]
[Site "Hradec Kralove"]
[Date "2015.06.13"]
[Round "6.8"]
[White "Tajovsky (Kurim), Matej"]
[Black "Glozar (Loko Brno), Petr"]
[Result "1/2-1/2"]
[BlackElo "1522"]
[WhiteElo "1643"]
[LiveChessVersion "1.4.4"]

1. e4 {[%clk 0:25:04]} c5 {[%clk 0:24:54]} 2. Nc3 {[%clk 0:24:42]} Nc6
{[%clk 0:24:20]} 3. f4 {[%clk 0:24:37]} a6 {[%clk 0:23:42]} 4. a4
{[%clk 0:24:21]} g6 {[%clk 0:23:29]} 5. Nf3 {[%clk 0:24:05]} Bg7 {[%clk 0:23:27]}
6. g3 {[%clk 0:24:12]} Nd4 {[%clk 0:22:56]} 7. Bg2 {[%clk 0:23:55]} Nxf3+
{[%clk 0:22:55]} 8. Bxf3 {[%clk 0:24:00]} Bd4 {[%clk 0:21:51]} 9. Ne2
{[%clk 0:23:40]} Bg7 {[%clk 0:21:45]} 10. O-O {[%clk 0:23:42]} d6
{[%clk 0:21:12]} 11. d3 {[%clk 0:23:26]} Bh3 {[%clk 0:20:46]} 12. Rf2
{[%clk 0:23:01]} Nf6 {[%clk 0:20:01]} 13. Nc3 {[%clk 0:21:35]} Nd7
{[%clk 0:19:30]} 14. g4 {[%clk 0:20:19]} Bd4 15. Bd2 c4 {[%clk 0:15:55]} 16. Qe2
{[%clk 0:19:30]} cxd3 {[%clk 0:15:02]} 17. cxd3 {[%clk 0:19:36]} Qb6
{[%clk 0:14:44]} 18. Nd5 {[%clk 0:18:33]} Bxf2+ {[%clk 0:11:02]} 19. Qxf2
{[%clk 0:18:19]} Qxf2+ {[%clk 0:10:58]} 20. Kxf2 {[%clk 0:18:36]} Rc8
{[%clk 0:09:42]} 21. Kg3 {[%clk 0:17:57]} 1/2-1/2

[Event "MCR druzstev mladsich zaku 2015"]
[Site "Hradec Kralove"]
[Date "2015.06.13"]
[Round "6.9"]
[White "Kures (Loko Brno), Michael"]
[Black "Richterova (Kurim), Julie"]
[Result "1-0"]
[BlackElo "1422"]
[WhiteElo "1533"]
[LiveChessVersion "1.4.4"]

1. d4 {[%clk 0:25:17]} Nf6 {[%clk 0:25:17]} 2. c4 {[%clk 0:25:24]} e6
{[%clk 0:25:25]} 3. Nc3 {[%clk 0:25:30]} Be7 {[%clk 0:25:31]} 4. Nf3
{[%clk 0:25:28]} b6 {[%clk 0:25:24]} 5. Bg5 {[%clk 0:25:22]} Bb7 {[%clk 0:25:16]}
6. e3 {[%clk 0:25:29]} O-O {[%clk 0:25:01]} 7. Qc2 {[%clk 0:25:31]} h6
{[%clk 0:24:47]} 8. Bh4 {[%clk 0:25:32]} c5 {[%clk 0:24:33]} 9. O-O-O
{[%clk 0:25:12]} d6 {[%clk 0:23:12]} 10. dxc5 {[%clk 0:24:12]} bxc5
{[%clk 0:23:15]} 11. Be2 {[%clk 0:23:49]} Nc6 {[%clk 0:22:07]} 12. h3
{[%clk 0:23:23]} Nb4 {[%clk 0:20:59]} 13. Qb1 {[%clk 0:22:48]} a5
{[%clk 0:17:24]} 14. a3 {[%clk 0:22:42]} Nc6 {[%clk 0:16:25]} 15. Rhg1
{[%clk 0:20:55]} a4 {[%clk 0:13:50]} 16. g4 {[%clk 0:20:54]} Na5 {[%clk 0:10:30]}
17. Qc2 {[%clk 0:16:50]} Nb3+ {[%clk 0:08:52]} 18. Kb1 {[%clk 0:16:55]} d5
{[%clk 0:07:46]} 19. g5 {[%clk 0:16:03]} Ne8 {[%clk 0:04:16]} 20. Rg4
{[%clk 0:09:19]} h5 {[%clk 0:03:28]} 21. Rgg1 g6 {[%clk 0:02:16]} 22. Nd2
{[%clk 0:07:31]} Nxd2+ {[%clk 0:00:37]} 23. Rxd2 {[%clk 0:07:33]} Bc6
{[%clk 0:00:23]} 24. f4 {[%clk 0:06:55]} Ng7 {[%clk 0:00:11]} 25. Bd3
{[%clk 0:06:14]} 1-0